| 000 | 00425 a2200145 4500 | ||
|---|---|---|---|
| 999 |
_c3295 _d3295 |
||
| 020 | _a9781121913936 | ||
| 050 | _aHD 62.4 HIL 2013 | ||
| 100 | _aHill, Charles W.L. | ||
| 245 |
_aInternational business _bcompeting in the global marketplace / _cCharles W.L Hill |
||
| 264 |
_aGlasgow _bMcGraw-Hill _c2013 |
||
| 300 | _avii,762p. | ||
| 500 | _aincludes index | ||
| 650 | _aInternational business | ||
| 942 |
_2lcc _cBK _h62.4 _iHIL _kHD |
||